Quiz Dragon Ball Z - Statistiques

Statistiques générales
  • Ce quiz a été pris 1 384 fois
  • Le résultat moyen est 13 sur 15
Statistiques - réponses
Question Réponse % Correct
Saiyan devenu ami de Goku Vegeta
99%
Fils de Goku Gohan
98%
Femme aux cheveux bleus Bulma
97%
Femme de Goku Chichi
96%
Ennemi dans la saga Namek Freezer
94%
Second fils de Goku Goten
94%
Technique de combat la plus célèbre de Goku Kamehameha
93%
Meilleur ami de Goku Krilin
92%
Fils de l'ami saiyan de Goku Trunks
92%
Fusion entre Goku et son ami saiyan Vegetto
92%
Femme du meilleur ami de Goku C-18
90%
Père de Goku Bardock
84%
Être crée à base d'ADN de grands guerriers Cell
78%
Premier adversaire que Goku Raditz
62%
Nom de la planète d'origine des Saiyans Planète Vegeta
61%
Aucun quiz correspondant
Distribution des résultats
% des personnes avec chaque résultat
Percentile par nombre de réponses
Votre historique - résultats
Vous n’avez pas pris ce quiz